Určenie priestorového vektora kolokačnej stanice

Gespeichert in:
Bibliographische Detailangaben
1. Verfasser: Belicová, Gabriela (Verfasst von)
Weitere Verfasser: Czikhardt, Richard (Betreuung Doktorarbeit)
Format: Manuskript Buch
Sprache:Slowakisch
Veröffentlicht: 2021
Schlagworte:
Online-Zugang:http://is.stuba.sk/zp/portal_zp.pl?podrobnosti=149176
https://opac.crzp.sk/?fn=detailBiblioForm&sid=C5B0443D08DFEDB2330C0949A386
Tags: Tag hinzufügen
Keine Tags, Fügen Sie das erste Tag hinzu!

MARC

LEADER 00000ntm a22000003a 4500
001 stuzp83703
003 SK-STU
005 20230511140616.8
007 ta
008 150427s2015----xo-----f-mn---000-0-slo-d
040 |a STU  |b slo 
041 0 |a slo 
100 1 |a Belicová, Gabriela  |u 010130  |4 aut  |U SvF Stavebná fakulta  |T SvF Katedra globálnej geodézie a geoinformatiky  |X 97630  |U V130  |Y 13  |7 97630 
242 0 1 |a Determining spatial offset vector at a collocation site  |y eng 
245 1 0 |a Určenie priestorového vektora kolokačnej stanice 
260 |c 2021 
650 4 |a GNSS  |2 slo 
650 4 |a InSAR  |2 slo 
650 4 |a kolokačná stanica  |2 slo 
650 4 |a kútový odrážač  |2 slo 
650 4 |a priestorový vektor  |2 slo 
650 4 |a GNSS  |2 eng 
650 4 |a InSAR  |2 eng 
650 4 |a collocation station  |2 eng 
650 4 |a corner reflector  |2 eng 
650 4 |a spatial vector  |2 eng 
700 1 |a Czikhardt, Richard  |u 010130  |k Z3  |4 ths  |U SvF Stavebná fakulta  |T SvF Katedra globálnej geodézie a geoinformatiky  |X 54944  |U V130  |Y 13  |7 54944 
856 4 |u http://is.stuba.sk/zp/portal_zp.pl?podrobnosti=149176 
856 4 |u https://opac.crzp.sk/?fn=detailBiblioForm&sid=C5B0443D08DFEDB2330C0949A386